000
00361nam a2200169Ia 4500
100
_a
Sebastian/K.A
650
_a
Philosophy
942
_c
BK
366
_f
25
654
_a
destiny
245
_a
You can shape your Destiny
260
_b
Better Yourself Books
_a
Bandra
_c
2006
082
_a
170/SEB
_b
SEB
300
_a
297
546
_a
ENGLISH
999
_c
34792
_d
34792